01006nam a2200277 a 450000100060000000300080000600500170001400800410003102000150007203500190008703500100010604000360011604100080015208200250016010000250018524500810021026000550029130000340034650400640038065000360044470000300048070000330051094200120054399900170055595201560057266925BD-RjUL20211209081609.0010105s2002 nyua b 001 0 eng  a1560229071 a(BD-RjUL)67056 a29016 aDLCbengcDLCdDLCdWUdBD-RjUL0 aeng00a631.53223bTAI 20021 aTaji, Acram.919817510aIn vitro plant breeding /cAcram Taji, Prakash P. Kumar, Prakash Lakshmanan. aNew Delhi :bCBS Publisher and Distributes,c2002. axii, 167 p. :bill. ;c22 cm. aIncludes bibliographical references (p. 149-157) and index. 0aPlant micropropagation.91981761 aKumar, Prakash P.91981771 aLakshmanan, Prakash.9198178 2ddccBK c66925d66925 00102ddc40718NFICaRUCLbRUCLcReadingd2007-07-23eParagon enterprise, Dhakag995.00l0o631.53 TAI 2002r2017-03-20 00:00:00tC-1w2017-03-20yBK